Jak udělat keramickou sochu : nápady, náměty, návody /

Hlavní autor: Acero, Raúl
Další autoři: Poskočilová, Eva
Jazyk: Čeština
Vydáno: Praha : BB art, 2004
Vydání: 1. vyd. v českém jazyce
Témata:
Externí odkaz: Digitalizovaný dokument
Fyzický popis: 144 s. : barev. il. ; 29 cm
Knihy
Uloženo v:
LEADER 01588nam a2200409 a 4500
001 000754463
003 CZ BrMZK
005 20190909134027.0
007 ta
008 041208s2004 xr a erf 001 0 czeoc
015 |a cnb001324968 
020 |a 80-7341-209-8  |q (váz.) :  |c Kč 299,00 
035 |a (OCoLC)85110006 
040 |a ABA001  |b cze  |d BOA001 
041 1 |a cze  |h eng 
072 7 |a 73  |x Sochařství, keramika, porcelán, umělecké zpracování kovů  |2 Konspekt  |9 21 
080 |a 738.84  |2 MRF 
080 |a 738  |2 MRF 
080 |a (035)  |2 MRF 
100 1 |a Acero, Raúl  |7 xx0022638  |4 aut 
245 1 0 |a Jak udělat keramickou sochu :  |b nápady, náměty, návody /  |c Raúl Acero ; přeložila Eva Poskočilová 
250 |a 1. vyd. v českém jazyce 
260 |a Praha :  |b BB art,  |c 2004 
300 |a 144 s. :  |b barev. il. ;  |c 29 cm 
500 |a Přeloženo z angličtiny 
500 |a Dostupné též v digitální podobě v aplikaci Kramerius 
504 |a Obsahuje bibliografii a rejstřík 
650 0 7 |a keramické sochy  |7 ph269090  |2 czenas 
650 0 7 |a keramické figurky  |7 ph135182  |2 czenas 
650 0 7 |a umělecká keramika  |7 ph126880  |2 czenas 
655 7 |a příručky  |7 fd133209  |2 czenas 
700 1 |a Poskočilová, Eva  |7 jn20001227385  |4 trl 
765 0 |t Making ceramic sculpture  |9 Česky 
856 4 1 |u http://www.digitalniknihovna.cz/mzk/uuid/uuid:986f8670-e43a-11e5-8d5f-005056827e51  |y Digitalizovaný dokument  |x NDK 
910 |a BOA001  |b 3-1142.551 
990 |a BK 
996 6 |b 2610234630  |c 3-1142.551  |l MZK  |r Sklad / do 1 hodiny  |n 0  |p p.v.  |w 000754463  |u 000010  |a 1  |e BOA001  |j MZK50  |s P